书目信息 |
| 题名: |
珍奇生物
|
|
| 作者: | 李卫星 编著 | |
| 分册: | ||
| 出版信息: | 上海 上海科学技术文献出版社 2019.06 |
|
| 页数: | 154页 | |
| 开本: | 24cm | |
| 丛书名: | 长江文明之旅丛书 | |
| 单 册: | ||
| 中图分类: | Q948.525 , Q958.525 | |
| 科图分类: | ||
| 主题词: | 长江流域--chang jiang liu yu--珍稀植物--介绍 , 长江流域--chang jiang liu yu--珍稀动物--介绍 | |
| 电子资源: | ||
| ISBN: | 978-7-5492-6525-1 | |
| 000 | 01294nam 2200301 450 | |
| 001 | 0106081829 | |
| 005 | 20201106082045.0 | |
| 010 | @a978-7-5492-6525-1@dCNY39.80 | |
| 100 | @a20190921d2019 em y0chiy50 ea | |
| 101 | 0 | @achi |
| 102 | @aCN@b310000@b420000 | |
| 105 | @aa z 000yy | |
| 106 | @ar | |
| 200 | 1 | @a珍奇生物@Azhen qi sheng wu@f李卫星编著 |
| 210 | @a上海@c上海科学技术文献出版社@a武汉@c长江出版社@d2019.06 | |
| 215 | @a154页@c图@d24cm | |
| 225 | 2 | @a长江文明之旅丛书@Achang jiang wen ming zhi lv cong shu@i山高水长篇 |
| 300 | @a科技部推荐优秀科普图书 | |
| 330 | @a自古以来,长江流域物华天宝,人杰地灵,受大自然的眷顾,这里蕴藏了无尽的宝藏。长江流域适宜的气候、复杂的地形、充沛的水源,为多种生物的繁衍生息提供了理想的条件。本书分为植物和动物两章。在动物章中,细分为鱼类、两栖及爬行类、鸟类、食草类、食肉类及其他类等。在植物章中,细分为裸子植物、被子植物和其他类等。最大程度地让读者了解长江流域的各种珍奇生物。 | |
| 461 | 0 | @12001 @a长江文明之旅丛书 |
| 462 | 0 | @12001 @a山高水长篇 |
| 606 | 0 | @a长江流域@Achang jiang liu yu@x珍稀植物@x介绍 |
| 606 | 0 | @a长江流域@Achang jiang liu yu@x珍稀动物@x介绍 |
| 690 | @aQ948.525@v5 | |
| 690 | @aQ958.525@v5 | |
| 701 | 0 | @a李卫星@Ali wei xing@4编著 |
| 801 | 0 | @aCN@bBJSZM@c20201106 |
| 905 | @b1192524-7@dQ948.525@e450@f4 | |
| 珍奇生物/李卫星编著.-上海:上海科学技术文献出版社;武汉:长江出版社,2019.06 |
| 154页:图;24cm.-(长江文明之旅丛书.山高水长篇) |
| 科技部推荐优秀科普图书 |
| ISBN 978-7-5492-6525-1:CNY39.80 |
| 自古以来,长江流域物华天宝,人杰地灵,受大自然的眷顾,这里蕴藏了无尽的宝藏。长江流域适宜的气候、复杂的地形、充沛的水源,为多种生物的繁衍生息提供了理想的条件。本书分为植物和动物两章。在动物章中,细分为鱼类、两栖及爬行类、鸟类、食草类、食肉类及其他类等。在植物章中,细分为裸子植物、被子植物和其他类等。最大程度地让读者了解长江流域的各种珍奇生物。 |
| ● |
| 相关链接 |
|
|
|
|
正题名:珍奇生物
索取号:Q948.525/450
 
预约/预借
| 序号 | 登录号 | 条形码 | 馆藏地/架位号 | 状态 | 备注 |
| 1 | 1192524 | 211925247 | 第二样本阅览室/ [索取号:Q948.525/450] | 在馆 | |
| 2 | 1192525 | 211925256 | 第三借阅区/ [索取号:Q948.525/450] | 在馆 | |
| 3 | 1192526 | 211925265 | 第三借阅区/ [索取号:Q948.525/450] | 在馆 | |
| 4 | 1192527 | 211925274 | 第三借阅区/ [索取号:Q948.525/450] | 在馆 |